000
00246nam a2200097Ia 4500
001
711355
005
20250826162806.0
008
250824s9999 xx 000 0 und d
245
0
_a
IŞIK AVCISI-TEKİN YILDIZI
_c
ALİ SAÇIKARA
260
_b
ATLIKARINCA
999
_c
711355
_d
711355